[Event "CHC_OR01"]
[Site "?"]
[Date "2007.??.??"]
[Round "?"]
[White "Jezek, Otakar"]
[Black "Binas, Jindrich"]
[Result "0-1"]
[WhiteElo "1867"]
[BlackElo "2021"]
[PlyCount "87"]
[EventDate "2007.??.??"]
[EventType "corr"]
[EventRounds "2"]
[SourceDate "2007.01.09"]

1. e3 g6 2. d4 Bg7 3. e4 d6 4. Nf3 Nf6 5. Bb5+ c6 6. Bd3 O-O 7. O-O Nbd7 8. c3
e5 9. Nbd2 Re8 10. Re1 d5 11. exd5 Nxd5 12. dxe5 Nxe5 13. Nxe5 Bxe5 14. Nc4 Bc7
15. Rxe8+ Qxe8 16. Bg5 Be6 17. Qf3 Qd7 18. Re1 Re8 19. Bd2 f5 20. Bg5 h6 21.
Bd2 Nf6 22. b3 Kf7 23. Bxh6 b5 24. Ne5+ Bxe5 25. Rxe5 Ng4 26. Bf4 Nxe5 27. Bxe5
Bxb3 28. axb3 Rxe5 29. Kf1 a5 30. Qh3 Kg7 31. Qg3 Qe7 32. f3 Qd6 33. f4 Re7 34.
Qf3 a4 35. bxa4 bxa4 36. h3 a3 37. Bc4 Re4 38. Bb3 Rxf4 39. Qxf4 Qxf4+ 40. Kg1
Qe3+ 41. Kh2 Qe5+ 42. Kg1 Qxc3 43. Ba2 Qa1+ 44. Kf2 0-1

[Event "CHC_OR01"]
[Site "?"]
[Date "2007.??.??"]
[Round "?"]
[White "Bultman, Milan"]
[Black "Jezek, Otakar"]
[Result "1-0"]
[WhiteElo "2099"]
[BlackElo "1867"]
[PlyCount "61"]
[EventDate "2007.??.??"]
[EventType "corr"]
[EventRounds "2"]
[SourceDate "2007.01.09"]

1. d4 Nf6 2. c4 e6 3. Nc3 d5 4. Nf3 dxc4 5. e4 Bb4 6. Bg5 b5 7. a4 c6 8. e5 h6
9. exf6 hxg5 10. fxg7 Rg8 11. g3 g4 12. Nd2 Rxg7 13. axb5 Qxd4 14. Bg2 Bb7 15.
O-O Qc5 16. Rc1 f5 17. Qe2 e5 18. Rfd1 Bxc3 19. Rxc3 cxb5 20. b4 Qb6 21. Qxe5+
Re7 22. Qh8+ Kf7 23. Bxb7 Rxb7 24. Nf3 gxf3 25. Rxf3 Qg6 26. Rd5 Nc6 27. Rdxf5+
Ke6 28. Qxa8 Nd4 29. Qc8+ Rd7 30. Re3+ Kxf5 31. Qxd7+ 1-0

[Event "CHC_OR01"]
[Site "?"]
[Date "2007.??.??"]
[Round "?"]
[White "Jezek, Otakar"]
[Black "Kyhos, Alois"]
[Result "0-1"]
[WhiteElo "1867"]
[BlackElo "1951"]
[PlyCount "92"]
[EventDate "2007.??.??"]
[EventType "corr"]
[EventRounds "2"]
[SourceDate "2007.01.09"]

1. Nc3 d5 2. d4 Nf6 3. Nf3 g6 4. Bf4 Bg7 5. Qd2 Ne4 6. Nxe4 dxe4 7. Ne5 O-O 8.
Qc3 Nd7 9. Nxd7 Bxd7 10. Be5 Bxe5 11. dxe5 Bc6 12. e3 Qd7 13. Rd1 Qg4 14. h3
Qg5 15. Qa5 Rac8 16. Rd2 a6 17. h4 Qg4 18. h5 Rfd8 19. hxg6 hxg6 20. g3 Kg7 21.
Be2 Qe6 22. Rxd8 Rxd8 23. Qxc7 Rc8 24. Qa5 Bd5 25. Qd2 Qxe5 26. a3 b5 27. c3
Qd6 28. Qc2 Rd8 29. Qd2 Qc7 30. Qc2 Bc4 31. Bg4 e5 32. Bd1 a5 33. g4 Bd3 34.
Qd2 Bf1 35. Qc2 Bg2 36. Rg1 Bf3 37. Bxf3 exf3 38. Rg3 Rh8 39. Kd2 Qc4 40. Rxf3
Rh1 41. e4 Qf1 42. a4 Qe1+ 43. Kd3 Rh8 44. axb5 Rd8+ 45. Kc4 Rd2 46. Re3 Qxf2
0-1

[Event "CHC_OR01"]
[Site "?"]
[Date "2007.??.??"]
[Round "?"]
[White "Kyhos, Alois"]
[Black "Jezek, Otakar"]
[Result "1-0"]
[WhiteElo "1951"]
[BlackElo "1867"]
[PlyCount "85"]
[EventDate "2007.??.??"]
[EventType "corr"]
[EventRounds "2"]
[SourceDate "2007.01.09"]

1. e4 e5 2. Nf3 Nf6 3. Nxe5 Qe7 4. Nf3 Qxe4+ 5. Be2 Be7 6. d4 O-O 7. O-O Qe6 8.
Re1 d5 9. c3 Qb6 10. Bd3 Re8 11. Qc2 Bg4 12. Ne5 Bd6 13. Bf4 Nbd7 14. Nd2 c5
15. Ndc4 dxc4 16. Nxc4 Rxe1+ 17. Rxe1 Bxf4 18. Nxb6 axb6 19. Bf5 Bxf5 20. Qxf5
Bd6 21. a3 Ra5 22. dxc5 bxc5 23. g4 h6 24. h4 b6 25. c4 g6 26. Qf3 g5 27. hxg5
hxg5 28. Rd1 Be5 29. Qf5 Bd4 30. Qxg5+ Kf8 31. Re1 Bxb2 32. Qh6+ Kg8 33. g5 Nh7
34. g6 fxg6 35. Qxg6+ Kh8 36. Re7 Ndf8 37. Rxh7+ Nxh7 38. Qxb6 Bc3 39. Qb8+ Kg7
40. Qg3+ Kf7 41. Qxc3 Ra7 42. Qe3 Nf6 43. Qxc5 1-0

[Event "CHC_OR01"]
[Site "?"]
[Date "2007.??.??"]
[Round "?"]
[White "Binas, Jindrich"]
[Black "Chlubna, Josef"]
[Result "1-0"]
[WhiteElo "2021"]
[BlackElo "1622"]
[PlyCount "47"]
[EventDate "2007.??.??"]
[EventType "corr"]
[EventRounds "2"]
[SourceDate "2007.01.09"]

1. e4 e5 2. f4 exf4 3. Bc4 Qe7 4. Nc3 Nf6 5. Qe2 d6 6. d3 g5 7. h4 g4 8. Bxf4
Nh5 9. Qe3 Bg7 10. Nd5 Qd7 11. Bh6 Qd8 12. Bxg7 Nxg7 13. Qh6 Kf8 14. Ne2 c6 15.
O-O cxd5 16. Bxd5 Qe7 17. Rxf7+ Qxf7 18. Bxf7 Kxf7 19. Rf1+ Kg8 20. Ng3 Nd7 21.
Nh5 Nxh5 22. Qe6+ Kg7 23. Qxg4+ Kh6 24. Qg5# 1-0

[Event "CHC_OR01"]
[Site "?"]
[Date "2007.??.??"]
[Round "?"]
[White "Jezek, Otakar"]
[Black "Bultman, Milan"]
[Result "0-1"]
[WhiteElo "1867"]
[BlackElo "2019"]
[PlyCount "70"]
[EventDate "2007.??.??"]
[EventType "corr"]
[EventRounds "2"]
[SourceDate "2007.01.09"]

1. g3 Nf6 2. Nf3 e6 3. Bg2 c5 4. O-O Nc6 5. d3 Be7 6. e4 O-O 7. Nbd2 d5 8. c3
b5 9. d4 Nxe4 10. Nxe4 dxe4 11. Ne5 Qd5 12. Nxc6 Qxc6 13. f3 cxd4 14. cxd4 Bb7
15. fxe4 f5 16. Be3 fxe4 17. Qg4 Rf6 18. Rac1 Qd5 19. Rc7 Rxf1+ 20. Bxf1 Bf6
21. Kh1 Rc8 22. Rxc8+ Bxc8 23. Bg2 Bb7 24. Bh3 Kf7 25. Qf4 a5 26. Qc7+ Kg6 27.
Qb6 Bc6 28. Bg2 a4 29. b3 h6 30. bxa4 bxa4 31. h3 Qc4 32. Qc7 Qb5 33. Bg1 Bd5
34. Qc2 Qd3 35. Bxe4+ Bxe4+ 0-1

[Event "CHC_OR01"]
[Site "?"]
[Date "2007.??.??"]
[Round "?"]
[White "Binas, Jindrich"]
[Black "Bultman, Milan"]
[Result "1/2-1/2"]
[WhiteElo "2021"]
[BlackElo "2099"]
[PlyCount "40"]
[EventDate "2007.??.??"]
[EventType "corr"]
[EventRounds "2"]
[SourceDate "2007.01.09"]

1. e4 c5 2. Nf3 d6 3. d4 cxd4 4. Nxd4 Nf6 5. Nc3 e6 6. g4 h6 7. Rg1 Be7 8. Be3
Nc6 9. Qe2 a6 10. O-O-O Qa5 11. h4 Nd7 12. Kb1 Bxh4 13. g5 hxg5 14. Nf3 Qc7 15.
Rh1 Rg8 16. Nxg5 Bxg5 17. Bxg5 b5 18. a3 Bb7 19. f4 Ne7 20. f5 e5 1/2-1/2

[Event "CHC_OR01"]
[Site "?"]
[Date "2007.??.??"]
[Round "?"]
[White "Bultman, Milan"]
[Black "Binas, Jindrich"]
[Result "1/2-1/2"]
[WhiteElo "2099"]
[BlackElo "2021"]
[PlyCount "41"]
[EventDate "2007.??.??"]
[EventType "corr"]
[EventRounds "2"]
[SourceDate "2007.01.09"]

1. d4 Nf6 2. Nf3 b6 3. Nc3 Bb7 4. Bg5 g6 5. Bxf6 exf6 6. Qd2 d5 7. O-O-O h5 8.
Kb1 Bh6 9. e3 Nc6 10. Qe1 Ne7 11. Bb5+ c6 12. Bd3 Qc7 13. Qe2 Bc8 14. e4 O-O
15. h3 dxe4 16. Bxe4 Be6 17. g4 Rfe8 18. gxh5 f5 19. Bd3 Nd5 20. Qe1 Qf4 21.
Be2 1/2-1/2

[Event "CHC_OR01"]
[Site "?"]
[Date "2007.??.??"]
[Round "?"]
[White "Chlubna, Josef"]
[Black "Kyhos, Alois"]
[Result "0-1"]
[WhiteElo "1622"]
[BlackElo "1951"]
[PlyCount "54"]
[EventDate "2007.??.??"]
[EventType "corr"]
[EventRounds "2"]
[SourceDate "2007.01.09"]

1. d4 d5 2. c4 c6 3. Nf3 Nf6 4. e3 Bf5 5. Nc3 e6 6. Bd3 dxc4 7. Bxc4 Nbd7 8.
O-O Bd6 9. h3 O-O 10. Re1 e5 11. dxe5 Nxe5 12. Nxe5 Bxe5 13. Qxd8 Rfxd8 14. a4
Ne4 15. Nxe4 Bxe4 16. Ra2 Rd7 17. b3 Rad8 18. f3 Bc3 19. Rf1 Bd3 20. Bxd3 Rxd3
21. Kh2 f5 22. Bb2 Rd2 23. Rb1 R8d3 24. Kg3 Ba5 25. Ra3 Bc7+ 26. Kh4 Rxg2 27.
b4 Rd6 0-1

[Event "CHC_OR01"]
[Site "?"]
[Date "2007.??.??"]
[Round "?"]
[White "Bultman, Milan"]
[Black "Kyhos, Alois"]
[Result "1-0"]
[WhiteElo "2099"]
[BlackElo "1951"]
[PlyCount "49"]
[EventDate "2007.??.??"]
[EventType "corr"]
[EventRounds "2"]
[SourceDate "2007.01.09"]

1. d4 d5 2. Nf3 Nf6 3. c4 c6 4. Nc3 e6 5. e3 Nbd7 6. Bd3 dxc4 7. Bxc4 b5 8. Be2
Bb7 9. O-O a6 10. e4 b4 11. e5 bxc3 12. exf6 Nxf6 13. bxc3 Bd6 14. Rb1 Qc7 15.
c4 c5 16. dxc5 Bxc5 17. Bf4 Qc8 18. Ne5 O-O 19. Rb3 Rd8 20. Qc1 Nd7 21. Rg3 Bf8
22. Ng4 Kh8 23. Bd3 Be7 24. Nh6 Rf8 25. Bxh7 1-0

[Event "CHC_OR01"]
[Site "?"]
[Date "2007.??.??"]
[Round "?"]
[White "Jezek, Otakar"]
[Black "Fiantok, Lukas"]
[Result "1-0"]
[WhiteElo "1867"]
[BlackElo "1704"]
[PlyCount "35"]
[EventDate "2007.??.??"]
[EventType "corr"]
[EventRounds "2"]
[SourceDate "2007.01.09"]

1. Nf3 d5 2. d4 c6 3. e3 Nf6 4. Nbd2 Bf5 5. Be2 Nbd7 6. O-O e6 7. c3 Qc7 8. c4
Bd6 9. Nh4 Bxh2+ 10. Kh1 Be4 11. Nxe4 Nxe4 12. Nf3 Bd6 13. Nd2 O-O 14. Nxe4
dxe4 15. c5 Be7 16. f3 f5 17. fxe4 Rf6 18. e5 1-0

[Event "CHC_OR01"]
[Site "?"]
[Date "2007.??.??"]
[Round "?"]
[White "Fiantok, Lukas"]
[Black "Jezek, Otakar"]
[Result "0-1"]
[WhiteElo "1704"]
[BlackElo "1867"]
[PlyCount "34"]
[EventDate "2007.??.??"]
[EventType "corr"]
[EventRounds "2"]
[SourceDate "2007.01.09"]

1. d4 d5 2. Nf3 Nf6 3. e3 e6 4. Bd3 Bd6 5. b3 O-O 6. c4 dxc4 7. bxc4 c5 8. Qc2
Nc6 9. Bd2 cxd4 10. exd4 e5 11. dxe5 Nxe5 12. Nxe5 Bxe5 13. Bc3 Qc7 14. Nd2
Bxc3 15. Qxc3 Re8+ 16. Kf1 b6 17. h4 Bg4 0-1

[Event "CHC_OR01"]
[Site "?"]
[Date "2007.??.??"]
[Round "?"]
[White "Jezek, Otakar"]
[Black "Chlubna, Josef"]
[Result "1-0"]
[WhiteElo "1867"]
[BlackElo "1622"]
[PlyCount "47"]
[EventDate "2007.??.??"]
[EventType "corr"]
[EventRounds "2"]
[SourceDate "2007.01.09"]

1. g3 d5 2. Nf3 Nf6 3. Bg2 c5 4. O-O Nc6 5. d3 e5 6. c4 dxc4 7. dxc4 Qxd1 8.
Rxd1 Nd4 9. Nc3 Nc2 10. Rb1 a6 11. Nxe5 Rb8 12. Bf4 Ra8 13. Nd5 Nxd5 14. Bxd5
Be6 15. Bxb7 Ra7 16. Nc6 Be7 17. Nxa7 Bf5 18. Rd2 Nd4 19. Rbd1 Bf6 20. e3 Bg4
21. exd4 Bxd1 22. Rxd1 Bxd4 23. Re1+ Kf8 24. Bd6+ 1-0

[Event "CHC_OR01"]
[Site "?"]
[Date "2007.??.??"]
[Round "?"]
[White "Bultman, Milan"]
[Black "Fiantok, Lukas"]
[Result "1-0"]
[WhiteElo "2099"]
[BlackElo "1704"]
[PlyCount "29"]
[EventDate "2007.??.??"]
[EventType "corr"]
[EventRounds "2"]
[SourceDate "2007.01.09"]

1. d4 d5 2. Nf3 Nf6 3. c4 e6 4. Nc3 Be7 5. Bg5 Nc6 6. e3 O-O 7. Rc1 Ne4 8. Bxe7
Qxe7 9. Qc2 f5 10. a3 Qd6 11. cxd5 exd5 12. Nxd5 Rf7 13. Bc4 Be6 14. Nf4 Bxc4
15. Qxc4 1-0

[Event "CHC_OR01"]
[Site "?"]
[Date "2007.??.??"]
[Round "?"]
[White "Fiantok, Lukas"]
[Black "Bultman, Milan"]
[Result "0-1"]
[WhiteElo "1704"]
[BlackElo "2099"]
[PlyCount "24"]
[EventDate "2007.??.??"]
[EventType "corr"]
[EventRounds "2"]
[SourceDate "2007.01.09"]

1. e4 c5 2. Nf3 d6 3. d4 cxd4 4. Nxd4 Nf6 5. Nc3 e6 6. Bd3 Nc6 7. Bb5 Bd7 8.
O-O Be7 9. Be3 O-O 10. f4 Nxe4 11. Nxe4 Nxd4 12. Bxd7 Nf5 0-1

[Event "CHC_OR01"]
[Site "?"]
[Date "2007.??.??"]
[Round "?"]
[White "Binas, Jindrich"]
[Black "Fiantok, Lukas"]
[Result "1-0"]
[WhiteElo "2021"]
[BlackElo "1704"]
[PlyCount "41"]
[EventDate "2007.??.??"]
[EventType "corr"]
[EventRounds "2"]
[SourceDate "2007.01.09"]

1. e4 e5 2. f4 exf4 3. Bc4 Nf6 4. Nc3 c6 5. d4 Bb4 6. e5 Ne4 7. Qh5 Bxc3+ 8.
bxc3 O-O 9. Nf3 g6 10. Qh6 d6 11. h4 Nf6 12. exf6 Qxf6 13. Bxf4 Re8+ 14. Kd2
Bf5 15. Ng5 Re7 16. Qxh7+ Kf8 17. Rae1 Nd7 18. Bxd6 Rae8 19. Rxe7 Rxe7 20. Re1
Ne5 21. Rxe5 1-0

[Event "CHC_OR01"]
[Site "?"]
[Date "2007.??.??"]
[Round "?"]
[White "Fiantok, Lukas"]
[Black "Binas, Jindrich"]
[Result "0-1"]
[WhiteElo "1704"]
[BlackElo "2021"]
[PlyCount "32"]
[EventDate "2007.??.??"]
[EventType "corr"]
[EventRounds "2"]
[SourceDate "2007.01.09"]

1. d4 d5 2. c4 c6 3. Nf3 Nf6 4. Nc3 dxc4 5. a4 Bf5 6. e3 e6 7. Bxc4 Bb4 8. O-O
Nbd7 9. Bd2 O-O 10. Re1 a5 11. e4 Bxc3 12. bxc3 Nxe4 13. Bd3 Ndf6 14. Bxe4 Nxe4
15. Ra3 b5 16. Re3 Nd6 0-1

[Event "CHC_OR01"]
[Site "?"]
[Date "2007.??.??"]
[Round "?"]
[White "Kyhos, Alois"]
[Black "Fiantok, Lukas"]
[Result "1-0"]
[WhiteElo "1951"]
[BlackElo "1704"]
[PlyCount "27"]
[EventDate "2007.??.??"]
[EventType "corr"]
[EventRounds "2"]
[SourceDate "2007.01.09"]

1. e4 c6 2. d4 d5 3. exd5 cxd5 4. c4 Nf6 5. Nc3 Nc6 6. Nf3 Bg4 7. Qb3 b6 8.
cxd5 Bxf3 9. Bb5 Bxg2 10. Bxc6+ Nd7 11. Rg1 Bf3 12. Bxa8 Qxa8 13. Nb5 Qb8 14.
Qxf3 1-0

[Event "CHC_OR01"]
[Site "?"]
[Date "2007.??.??"]
[Round "?"]
[White "Fiantok, Lukas"]
[Black "Kyhos, Alois"]
[Result "0-1"]
[WhiteElo "1704"]
[BlackElo "1951"]
[PlyCount "30"]
[EventDate "2007.??.??"]
[EventType "corr"]
[EventRounds "2"]
[SourceDate "2007.01.09"]

1. d4 d5 2. c4 c6 3. cxd5 cxd5 4. Nc3 Nf6 5. Nf3 Nc6 6. Bf4 Bf5 7. Nb5 Qa5+ 8.
Nc3 e6 9. Bd2 Qb6 10. Bc1 Nb4 11. Qa4+ Qc6 12. Qxc6+ bxc6 13. g4 Nc2+ 14. Kd1
Nxg4 15. e4 Bxe4 0-1

[Event "CHC_OR01"]
[Site "?"]
[Date "2007.??.??"]
[Round "?"]
[White "Binas, Jindrich"]
[Black "Kyhos, Alois"]
[Result "0-1"]
[WhiteElo "2021"]
[BlackElo "1951"]
[PlyCount "56"]
[EventDate "2007.??.??"]
[EventType "corr"]
[EventRounds "2"]
[SourceDate "2007.01.09"]

1. e4 e5 2. f4 exf4 3. Bc4 Nf6 4. Nc3 c6 5. d4 d5 6. exd5 cxd5 7. Bb5+ Bd7 8.
Nf3 Bxb5 9. Nxb5 Qa5+ 10. Nc3 Bb4 11. O-O Bxc3 12. bxc3 O-O 13. Bxf4 Qxc3 14.
Nh4 Nbd7 15. Rb1 Qc6 16. Nf5 Rfe8 17. Rb3 Ne4 18. Qg4 g6 19. Nh6+ Kg7 20. Qh4
f6 21. Rh3 Rh8 22. Qg4 b5 23. Nf5+ Kf7 24. Nh6+ Ke7 25. Qf3 a5 26. Qb3 Qc4 27.
Qxc4 bxc4 28. Rb1 a4 0-1

[Event "CHC_OR01"]
[Site "?"]
[Date "2007.??.??"]
[Round "?"]
[White "Kyhos, Alois"]
[Black "Chlubna, Josef"]
[Result "1-0"]
[WhiteElo "1951"]
[BlackElo "1622"]
[PlyCount "85"]
[EventDate "2007.??.??"]
[EventType "corr"]
[EventRounds "2"]
[SourceDate "2007.01.09"]

1. e4 e5 2. Nf3 Nc6 3. d4 exd4 4. Nxd4 Nxd4 5. Qxd4 Ne7 6. Bc4 Nc6 7. Qd5 Qf6
8. O-O d6 9. Nc3 Be6 10. Qb5 Rb8 11. Be3 Bd7 12. Bb3 Qg6 13. Nd5 a6 14. Qc4 Kd8
15. Nf4 Qf6 16. Qxf7 Qxf7 17. Bxf7 Ne5 18. Bb3 b6 19. Nd5 Bc6 20. f4 Ng4 21.
Bd4 h5 22. Rae1 Bb5 23. c4 Bc6 24. h3 Bxd5 25. cxd5 Nf6 26. e5 Nd7 27. e6 Nf6
28. g3 Rh6 29. a4 a5 30. Bc4 Ke7 31. Kg2 Rc8 32. f5 c6 33. Ba6 Rb8 34. Bxf6+
Rxf6 35. dxc6 Kd8 36. e7+ Bxe7 37. c7+ Kxc7 38. Rxe7+ Kc6 39. Rc1+ Kd5 40. Rd1+
Kc6 41. Bb5+ Kc5 42. Rc7+ Kb4 43. Rd3 1-0

[Event "CHC_OR01"]
[Site "?"]
[Date "2007.??.??"]
[Round "?"]
[White "Binas, Jindrich"]
[Black "Jezek, Otakar"]
[Result "1-0"]
[WhiteElo "2021"]
[BlackElo "1867"]
[PlyCount "133"]
[EventDate "2007.??.??"]
[EventType "corr"]
[EventRounds "2"]
[SourceDate "2007.01.09"]

1. e4 e5 2. f4 exf4 3. Bc4 Qh4+ 4. Kf1 d6 5. d4 Nf6 6. Nf3 Qh6 7. Nc3 Be6 8.
Qe2 Nbd7 9. Nd5 Bxd5 10. Bxd5 c6 11. Bb3 Ng4 12. g3 Ne3+ 13. Kf2 Qg6 14. Bxe3
fxe3+ 15. Qxe3 Be7 16. Qf4 O-O 17. Rae1 Rfe8 18. Re2 Nf6 19. Rhe1 Ng4+ 20. Kg2
Nh6 21. h3 b5 22. c3 Bd8 23. g4 Kh8 24. a4 a6 25. d5 cxd5 26. exd5 Rxe2+ 27.
Rxe2 Qd3 28. Nd4 Bf6 29. Bc2 Qc4 30. Qxd6 Rd8 31. Qc6 Bxd4 32. Qxc4 bxc4 33.
cxd4 Rxd5 34. Rd2 f6 35. b3 cxb3 36. Bxb3 Rd6 37. Rc2 g5 38. d5 Nf7 39. Rc6 a5
40. Rc5 Rb6 41. Bc2 Rb2 42. Kf3 Kg7 43. Ke3 Ra2 44. Kd4 h6 45. Rc3 Rb2 46. Rc7
Kf8 47. Rc6 Ra2 48. Kc3 Ra3+ 49. Bb3 Ra1 50. d6 Rc1+ 51. Bc2 Ne5 52. Rc8+ Kf7
53. Kd4 Rh1 54. Kd5 Rxh3 55. Rc7+ Kf8 56. Ke6 Re3 57. d7 Nxd7+ 58. Kxd7 Re7+
59. Kd6 Rxc7 60. Kxc7 Ke7 61. Bf5 Ke8 62. Kb6 Ke7 63. Kxa5 Kd6 64. Kb6 Kd5 65.
a5 Ke5 66. a6 h5 67. a7 1-0

[Event "CHC_OR01"]
[Site "?"]
[Date "2007.??.??"]
[Round "?"]
[White "Chlubna, Josef"]
[Black "Binas, Jindrich"]
[Result "0-1"]
[WhiteElo "1622"]
[BlackElo "2021"]
[PlyCount "60"]
[EventDate "2007.??.??"]
[EventType "corr"]
[EventRounds "2"]
[SourceDate "2007.01.09"]

1. d4 d5 2. c4 c6 3. Nc3 e6 4. cxd5 exd5 5. Nf3 Bd6 6. Qd3 Na6 7. a3 Nf6 8. Bg5
O-O 9. e4 dxe4 10. Nxe4 Re8 11. Nfd2 Be7 12. Be2 Nxe4 13. Bxe7 Qxe7 14. Nxe4
Qxe4 15. Qxe4 Rxe4 16. f3 Re7 17. Kf2 Nc7 18. Rhe1 Be6 19. Bd3 Rd8 20. Re4 f5
21. Re2 Red7 22. Rd1 Rxd4 23. Re3 Kf8 24. Ke1 Bb3 25. Rd2 Ne6 26. g3 Nc5 27.
Ke2 Rxd3 28. Rexd3 Rxd3 29. Rxd3 Bc4 30. Kd2 Nxd3 0-1

[Event "CHC_OR01"]
[Site "?"]
[Date "2007.??.??"]
[Round "?"]
[White "Kyhos, Alois"]
[Black "Binas, Jindrich"]
[Result "1-0"]
[WhiteElo "1951"]
[BlackElo "2021"]
[PlyCount "45"]
[EventDate "2007.??.??"]
[EventType "corr"]
[EventRounds "2"]
[SourceDate "2007.01.09"]

1. e4 c5 2. Nf3 d6 3. d4 cxd4 4. Nxd4 Nf6 5. Nc3 g6 6. Be3 Bg7 7. f3 O-O 8. Qd2
Nc6 9. Bc4 Bd7 10. O-O-O Rc8 11. Bb3 Nxd4 12. Bxd4 b5 13. Nd5 Nxd5 14. Bxg7
Kxg7 15. exd5 a5 16. a3 a4 17. Ba2 Qb6 18. Rhe1 Rfe8 19. g4 Qc7 20. h4 e6 21.
dxe6 Bxe6 22. Bxe6 fxe6 23. h5 1-0

[Event "CHC_OR01"]
[Site "?"]
[Date "2007.??.??"]
[Round "?"]
[White "Chlubna, Josef"]
[Black "Jezek, Otakar"]
[Result "0-1"]
[WhiteElo "1622"]
[BlackElo "1867"]
[PlyCount "60"]
[EventDate "2007.??.??"]
[EventType "corr"]
[EventRounds "2"]
[SourceDate "2007.01.09"]

1. e4 d5 2. exd5 Qxd5 3. Nc3 Qe6+ 4. Qe2 Nc6 5. Qxe6 Bxe6 6. Nf3 Nb4 7. Bd3
Nxd3+ 8. cxd3 Nf6 9. b3 Nd5 10. Nxd5 Bxd5 11. Ba3 O-O-O 12. Ke2 e5 13. Bxf8
Rhxf8 14. Rhg1 Rfe8 15. Kd1 Bxf3+ 16. gxf3 g6 17. Ke2 Rd7 18. Rae1 Red8 19. Rg4
Rxd3 20. Re4 Rxd2+ 21. Kf1 Rxa2 22. Rxe5 Rdd2 23. Re8+ Kd7 24. R8e7+ Kd6 25.
R1e2 Rxe2 26. Rxe2 Rxe2 27. Kxe2 Kc5 28. f4 Kb4 29. Kd3 Kxb3 30. Kd4 a5 0-1

[Event "CHC_OR01"]
[Site "?"]
[Date "2007.??.??"]
[Round "?"]
[White "Kyhos, Alois"]
[Black "Bultman, Milan"]
[Result "1/2-1/2"]
[WhiteElo "1951"]
[BlackElo "2099"]
[PlyCount "64"]
[EventDate "2007.??.??"]
[EventType "corr"]
[EventRounds "2"]
[SourceDate "2007.01.09"]

1. e4 c5 2. Nf3 d6 3. d4 cxd4 4. Nxd4 Nf6 5. Nc3 e6 6. Bg5 Be7 7. Qd2 Nc6 8.
O-O-O O-O 9. f4 Nxd4 10. Qxd4 Qa5 11. Bc4 h6 12. h4 Rd8 13. g4 b5 14. Bb3 Bb7
15. Qd3 d5 16. exd5 Nxd5 17. Nxd5 Bxg5 18. hxg5 Bxd5 19. Bxd5 Rxd5 20. Qc3 Rad8
21. Rxd5 Rxd5 22. Kb1 Qd8 23. Kc1 Qb8 24. Qf3 hxg5 25. fxg5 Rxg5 26. Kb1 Qe8
27. a3 f6 28. Rd1 Qc8 29. Rd4 Kf7 30. Qd3 Ke7 31. Qe4 Re5 32. Qh7 Kf7 1/2-1/2